=LDR 00000nam 2200000 4500 =001 INLIS000000000040246 =005 20130612145821 =008 ***********************************Ind** =035 ##$$0010-061300000040246 =041 ##$$a Ind =082 ##$$a 628.34 =090 ##$$a 628.34, Per m =100 ##$$a Permadi, Guruh =245 ##$$a Menyulap sampah jadi rupaih, kiat sukses meraup uang tanpa modal, Guruh Permadi =260 ##$$a 2011 $b Jakarta =300 ##$$a 104 hlm, ilus6c22 cm =650 ##$$a Sampah teknologi =850 ##$$a NBPNMAT